Science Quiz

Random Science or Computer Quiz

History of Computing Hardware Quiz Stats

 Plays Quiz Updated Feb 7, 2019

Support Sporcle.
Go Orange.
Score 0/10 Timer 04:00
16 Plays Today
% Correct
Smartphone
95.2%
Abacus
89.7%
Personal Computer
88.4%
Supercomputer
84.6%
Mechanical Computer
83.9%
Digital Computer
82.6%
Mechanical Calculator
68.2%
Microcomputer
67.8%
Analog Computer
66%
Punched cards
57.5%

From the Vault

Find the Baseball Hall of Fame Inductees (1960s-1980s)

by Noldeh

Sports 3m
This quiz would make for one heck of a roster.
Remove Ads.
Support Sporcle.
Get the best of Sporcle when you Go Orange. This ad-free experience offers more features, more stats, and more fun while also helping to support Sporcle. Thank you for becoming a member.

Show Comments

Extras

Top Quizzes Today


Score Distribution

Your Account Isn't Verified!

In order to create a playlist on Sporcle, you need to verify the email address you used during registration. Go to your Sporcle Settings to finish the process.

Report this User

Report this user for behavior that violates our Community Guidelines.

Details: